000 00618nam a2200241Ia 4500
003 OSt
005 20220918192449.0
006 a|||||r|||| 00| 0
007 ta
008 220917b |||||||| |||| 00| 0 eng d
024 _a68,499
037 _cTextual
040 _aARTS
_cARTS
_beng
041 _2eng
_aeng
082 _aRxN30:g, M7
100 _aNorris Christopher
_913225
245 0 _aDerrida
260 _aLondon
_bFontana Press
_c1987
300 _a271p.
_ccm.
490 _aFontana modern masters
942 _hRxN30:g, M7
_cTEXL
_2CC
999 _c194670
_d194670